| 000 | 00821nam a2200253 a 4500 | ||
|---|---|---|---|
| 001 | 1994 | ||
| 003 | CO-ViMGA | ||
| 008 | 141112s2004 ck r 000 u spa d | ||
| 020 | _a8448107306 | ||
| 040 |
_aCO-ViMGA _bspa _cCO-ViMGA |
||
| 082 | 0 | 4 | _aMEVIECAR.6424 V437a |
| 100 | 1 |
_aViescas, John L _950659 |
|
| 245 | 1 | 0 |
_aGuía completa de microsoft Access para windows 95 / _cViescas John L. |
| 260 |
_aMadrid : _bMcGraw Hill, _c1996 |
||
| 300 | _a254 p. : il | ||
| 490 | _aMicrosoft press | ||
| 500 | _aInluye CD - ROM. | ||
| 505 | _aDiseño de una base de datos 71 - - Trabajando con los datos 185 - - Uso de formularios 417 - - Creación de informes 559 | ||
| 590 | _aDatos de inventario : 05716 | ||
| 650 | 1 | 4 |
_aACCESS _950660 |
| 650 | 1 | 4 | _aLENGUAJE DE PROGRAMACION |
| 650 | 1 | 4 | _aWINDOWS |
| 942 |
_2ddc _cBK |
||
| 999 |
_c14145 _d14145 |
||